| 000 | 00000nam 2200000za 4500 |
| 001 | 9.846869 |
| 003 | CaOODSP |
| 005 | 20221107153316 |
| 007 | cr ||||||||||| |
| 008 | 171109s1988 onc |o f|0| 0 eng d |
| 040 | |aCaOODSP|beng |
| 043 | |an-cn--- |
| 086 | 1 |aCS11-0019/15E-PDF |
| 100 | 1 |aLachapelle, Réjean, |d1944- |
| 245 | 10|aImmigration and the ethnolinguistic character of Canada and Quebec |h[electronic resource] / |cby Réjean Lachapelle. |
| 260 | |a[Ottawa] : |bStatistics Canada, |c1988. |
| 300 | |a31 p. |
| 490 | 0 |aResearch paper series ; |vno. 15 |
| 500 | |aIssued also in French under title: L'immigration et le caractère ethnolinguistique du Canada et du Québec. |
| 500 | |aDigitized edition from print [produced by Statistics Canada]. |
| 504 | |aIncludes bibliographic references. |
| 520 | |a"In Canada as a whole, only a very small proportion of immigrants have French as their mother tongue (4%). The proportion of the foreign-born population in Quebec which speaks French as its mother tongue (22%) is much smaller than the corresponding proportion of those who have English as their mother tongue in the rest of Canada (46%)."--Abstract. |
| 692 | 07|2gccst|aImmigration |
| 692 | 07|2gccst|aLanguage groups |
| 710 | 2 |aStatistics Canada. |bAnalytical Studies Branch. |
| 775 | 08|tL'immigration et le caractère ethnolinguistique du Canada et du Québec |w(CaOODSP)9.846875 |
| 830 | #0|aResearch paper series (Statistics Canada. Analytical Studies Branch)|vno. 15|w(CaOODSP)9.504421 |
| 856 | 40|qPDF|s3.91 MB|uhttps://publications.gc.ca/collections/collection_2017/statcan/11f0019m/CS11-0019-15-eng.pdf |